000 00639nam a2200277Ia 4500
005 20260324132749.0
008 008 260324s9999 xx 000 0 eng d
020 _a9780203477052
037 _aEBOOK
040 _aCRL
040 _beng
040 _cCRL
041 _2eng
041 _aeng
084 _qCRL
100 _aS.J. Leinbach; Fik Meijer
_91190538
245 0 _aEmperors Don't Die in Bed
260 _bTaylor and Francis
260 _c2004
365 _a
365 _b230
856 _uhttp://www.taylorfrancis.com/books/9780203477052
942 _cEBOOK
999 _c1788908
_d1788908